Baby Names: 'T' Boy Names by Decade Quiz Stats

Quiz Updated Apr 14, 2017

Challenge
Share
Tweet
Embed
Score 0/93 Timer 08:00
2 Plays Today
Decade Name % Correct
1880sThomas
96.6%
1890sThomas
96.6%
1900sThomas
96.6%
1910sThomas
96.6%
1920sThomas
96.6%
1930sThomas
96.6%
1940sThomas
96.6%
1950sThomas
96.6%
1960sThomas
96.6%
1970sThomas
96.6%
1980sThomas
96.6%
1990sThomas
96.6%
2000sThomas
96.6%
1880sTom
96%
1890sTom
96%
1900sTom
96%
1910sTom
96%
1920sTom
96%
1930sTom
96%
1940sTom
96%
1950sTom
96%
1960sTom
96%
1950sTim
92.7%
1960sTim
92.7%
1880sTimothy
89%
1940sTimothy
88.9%
1950sTimothy
88.9%
1960sTimothy
88.9%
1970sTimothy
88.9%
1980sTimothy
88.9%
1990sTimothy
88.9%
Decade Name % Correct
2000sTimothy
88.9%
1880sTheodore
73.7%
1890sTheodore
73.7%
1900sTheodore
73.7%
1910sTheodore
73.7%
1920sTheodore
73.7%
1930sTheodore
73.7%
1940sTheodore
73.7%
1950sTheodore
73.7%
1970sTheodore
73.7%
1930sTommy
72.1%
1940sTommy
72.1%
1950sTommy
72.1%
1960sTommy
72.1%
1970sTommy
72.1%
1900sTed
72.1%
1930sTed
72.1%
1940sTed
72.1%
1950sTed
72.1%
1980sTyler
64.8%
1990sTyler
64.8%
2000sTyler
64.8%
1930sTerry
60.9%
1940sTerry
60.9%
1950sTerry
60.9%
1960sTerry
60.9%
1970sTerry
60.9%
1980sTerry
60.9%
1980sTaylor
60.2%
1990sTaylor
60.2%
1900sTony
54.4%
Decade Name % Correct
1910sTony
54.4%
1920sTony
54.4%
1930sTony
54.4%
1940sTony
54.4%
1950sTony
54.4%
1960sTony
54.4%
1970sTony
54.4%
1980sTony
54.4%
1990sTony
54.4%
1980sTrevor
48.6%
1990sTrevor
48.6%
2000sTrevor
48.6%
1950sTodd
47.8%
1960sTodd
47.8%
1970sTodd
47.8%
1980sTodd
47.8%
1970sTravis
43.3%
1980sTravis
43.3%
1990sTravis
43.3%
2000sTravis
43.3%
1960sTroy
36.8%
1970sTroy
36.8%
1980sTroy
36.8%
1990sTroy
36.8%
1990sTristan
31.9%
2000sTristan
31.9%
1990sTanner
29.9%
2000sTanner
29.9%
1970sTyrone
25.3%
2000sTrenton
21.3%
1960sTracy
20.3%

You're not logged in!

Compare scores with friends on all Sporcle quizzes.
Sign Up with Email
OR
Log In

You Might Also Like...

Show Comments

Extras

Top Quizzes Today


Score Distribution

Your Account Isn't Verified!

In order to create a playlist on Sporcle, you need to verify the email address you used during registration. Go to your Sporcle Settings to finish the process.